La Des - civilización; política y práctica del etnocidio /

Guardat en:
Dades bibliogràfiques
Autor principal: Jaulin, Robert
Altres autors: comp
Format: Text
Publicat: México: Nueva Imagen
Etiquetes: Afegir etiqueta
Sense etiquetes, Sigues el primer a etiquetar aquest registre!

MARC

LEADER 00000 a a2200000 04500
001 23912
003
040
020 |a 968-429-086-1  
090 |a 170000  
100 |a Jaulin, Robert  
245 |a La Des - civilización; política y práctica del etnocidio /  |c Robert Jaulin 
260 |a México:   |b Nueva Imagen  
300 |a 127 p  
700 |a comp  
999 |c 14366  |d 14366